Mr̥gatr̥shṇā. (Record no. 52823)

MARC details
000 -LEADER
fixed length control field 00540cam a22002291 4500
001 - CONTROL NUMBER
control field sa 62000167
003 - CONTROL NUMBER IDENTIFIER
control field DLC
005 - DATE AND TIME OF LATEST TRANSACTION
control field 20260227111913.0
008 - FIXED-LENGTH DATA ELEMENTS--GENERAL INFORMATION
fixed length control field 950117q19601962ii 000 1 hino
010 ## - LIBRARY OF CONGRESS CONTROL NUMBER
LC control number sa 62000167
025 ## - OVERSEAS ACQUISITION NUMBER
Overseas acquisition number PL480:I-H-13x
035 ## - SYSTEM CONTROL NUMBER
System control number (OCoLC)31829404
040 ## - CATALOGING SOURCE
Original cataloging agency DLC
Transcribing agency CU
Modifying agency CU
-- DLC
042 ## - AUTHENTICATION CODE
Authentication code premarc
050 00 - LIBRARY OF CONGRESS CALL NUMBER
Classification number PK2098.S545
Item number M7
100 1# - MAIN ENTRY--PERSONAL NAME
Personal name Singh, Nanak,
Dates associated with a name 1897-1971.
245 10 - TITLE STATEMENT
Title Mr̥gatr̥shṇā.
260 ## - PUBLICATION, DISTRIBUTION, ETC.
Date of publication, distribution, etc. [196-]
300 ## - PHYSICAL DESCRIPTION
Extent 104 p.
Dimensions 17 cm.
500 ## - GENERAL NOTE
General note In Hindi.
500 ## - GENERAL NOTE
General note A novel.

No items available.

Powered by Koha